| 000 | 00753nam a22002057a 4500 | ||
|---|---|---|---|
| 999 |
_c20803 _d20803 |
||
| 003 | AR-CdUCM | ||
| 008 | 190606b ||||| |||| 00| 0 spa d | ||
| 040 |
_aMUNICIPALIDAD PROVINCIAL DEL CUSCO _cBIBLIOTECA MUNICIPAL DEL CUSCO |
||
| 082 |
_a891.4 / _bE33 |
||
| 100 |
_aErenburg, Elias _99378 |
||
| 245 |
_aLa callejuela de Moscú : _bNovela / |
||
| 260 |
_aBuenos Aires : _bSchapire, |
||
| 300 |
_a240 páginas ; _c20 cm. |
||
| 500 | _a[libro reempastado], versión española de José Vega de Rivera. | ||
| 505 | _aContenido: La casa de albaricoque tierno -- Por un jamón -- Un trozo loco y un trozo cómico -- El diario de Tania... | ||
| 650 |
_aNovela Rusa _99380 |
||
| 650 |
_aNovela de Erenburg _943447 |
||
| 942 |
_2ddc _cLIBROS |
||
| 945 | _aAndy | ||